Loading...
| Philosophy | 0 | 5 | 0 | 2 | 50 | 52 | 83.20 | 0 | 2 |
| Literature - World Literature | 0 | 5 | 0 | 0 | 50 | 20 | 51.00 | 2 | 4 |
| Painting/Sculpture | 0 | 4 | 0 | 1 | 40 | 88 | 104.50 | 0 | 0 |
| Literature - European Literature | 0 | 4 | 1 | 1 | 35 | 70 | 103.50 | 0 | 2 |
| Mythology | 0 | 5 | 3 | 1 | 35 | 25 | 58.20 | 0 | 4 |
| History - Other History | 0 | 3 | 0 | 2 | 30 | 89 | 99.67 | 0 | 1 |
| Literature - American Literature | 0 | 3 | 0 | 0 | 30 | 50 | 67.67 | 1 | 2 |
| Science - Biology | 0 | 3 | 0 | 1 | 30 | 75 | 83.00 | 0 | 1 |
| Religion | 0 | 2 | 0 | 1 | 20 | 62 | 86.50 | 1 | 1 |
| History - World History | 0 | 2 | 0 | 1 | 20 | 33 | 69.00 | 1 | 1 |
| Literature - British Literature | 0 | 2 | 0 | 0 | 20 | 60 | 87.00 | 0 | 1 |
| Social Science | 0 | 1 | 0 | 1 | 10 | 105 | 105.00 | 0 | 1 |
| Fine Arts - Other Fine Arts | 0 | 1 | 0 | 0 | 10 | 72 | 72.00 | 0 | 0 |
| History - American History | 0 | 1 | 0 | 0 | 10 | 85 | 85.00 | 0 | 1 |
| History - European History | 0 | 1 | 0 | 0 | 10 | 59 | 59.00 | 0 | 0 |
| Pop Culture | 0 | 1 | 0 | 0 | 10 | 27 | 27.00 | 1 | 1 |
| Science - Physics | 0 | 1 | 0 | 1 | 10 | 101 | 101.00 | 0 | 0 |
| Current Events | 0 | 1 | 0 | 0 | 10 | 82 | 82.00 | 0 | 1 |
| Science - Other Science | 0 | 1 | 1 | 1 | 5 | 109 | 109.00 | 0 | 0 |
| Fine Arts - Classical Music | 0 | 1 | 1 | 0 | 5 | 103 | 103.00 | 0 | 0 |
| Geography | 0 | 0 | 1 | 0 | -5 | 0.00 | 0 | 0 |